000 00595nam a2200229Ia 4500
003 OSt
005 20220928102139.0
006 a|||||r|||| 00| 0
007 ta
008 220927b |||||||| |||| 00| 0 eng d
024 _a24935
037 _cTextual
040 _aSDCL
_cSDCL
_beng
041 _2eng
_aeng
082 _aX9:9915.3'N7, L5
100 _aGoyder George
_9396790
245 0 _aResponsible worker
260 _aLondon
_bHutchinson & Co.
_c1975
300 _a144p
_ccm.
942 _hX9:9915.3'N7, L5
_cTEXL
_2CC
999 _c712552
_d712552